Plant cell electroporation and electrofusion protocols (Record no. 42669)
[ view plain ]
| 000 -LEADER | |
|---|---|
| fixed length control field | 00581nam a2200193Ia 4500 |
| 020 ## - INTERNATIONAL STANDARD BOOK NUMBER | |
| ISBN | 0896033287 |
| 082 ## - DEWEY DECIMAL CLASSIFICATION NUMBER | |
| Classification number | 57.085.23:577 |
| Item number | NIC |
| 100 ## - MAIN ENTRY--AUTHOR NAME | |
| Personal name | Nickoloff, Jac A |
| 245 #0 - TITLE STATEMENT | |
| Title | Plant cell electroporation and electrofusion protocols |
| 260 ## - PUBLICATION, DISTRIBUTION, ETC. (IMPRINT) | |
| Place of publication | New Jersey |
| Name of publisher | Humana Press |
| Year of publication | 1995 |
| 490 ## - SERIES STATEMENT | |
| Series statement | Methods in molecular biology. Vol. 55 |
| 650 ## - SUBJECT ADDED ENTRY--TOPICAL TERM | |
| Topical Term | Electrofusion |
| 650 ## - SUBJECT ADDED ENTRY--TOPICAL TERM | |
| Topical Term | Electroporation |
| 650 ## - SUBJECT ADDED ENTRY--TOPICAL TERM | |
| Topical Term | Genetic engineering |
| 650 ## - SUBJECT ADDED ENTRY--TOPICAL TERM | |
| Topical Term | Plant genetic engineering |
| 650 ## - SUBJECT ADDED ENTRY--TOPICAL TERM | |
| Topical Term | Plant genetic transformation |
| 942 ## - ADDED ENTRY ELEMENTS (KOHA) | |
| Koha item type | Books |
| Withdrawn status | Lost status | Damaged status | Not for loan | Home library | Current library | Date acquired | Cost, normal purchase price | Full call number | Accession Number | Koha item type |
|---|---|---|---|---|---|---|---|---|---|---|
| RRII Library | RRII Library | 16/12/2021 | 115.00 | 57.085.23:577 NIC | 22936 | Books |